Panini vyakaran mein karak: Ek adhyayan (Record no. 395179)

MARC details
000 -LEADER
fixed length control field 00471nam a22001817a 4500
005 - DATE & TIME
control field 20251212121230.0
008 - FIXED-LENGTH DATA ELEMENTS--GENERAL INFORMATION
fixed length control field 251212b |||||||| |||| 00| 0 eng d
040 ## - CATALOGING SOURCE
Original cataloging agency VIVEKANANDA LIBRARY
082 ## - DDC NUMBER
Classification number 491.25
Book Number S18P
100 ## - MAIN ENTRY--PERSONAL NAME
Personal name Sucheta
245 ## - TITLE STATEMENT
Title Panini vyakaran mein karak: Ek adhyayan
260 ## - PUBLICATION, DISTRIBUTION, ETC. (IMPRINT)
Name of publisher, distributor, etc Department of Sanskrit, M D University, Rohtak
Date of publication, distribution, etc 2024
300 ## - PHYSICAL DESCRIPTION
Pages xxvi, 273
650 ## - Subject
Subject Sanskrit
650 ## - Subject
Subject Panini Grammar
700 ## - Added Entry Personal Name
Added Entry Personal Name Prabhat, Ravi
942 ## - ADDED ENTRY ELEMENTS (KOHA)
Koha item type Thesis
Holdings
Withdrawn status Lost status Source of classification or shelving scheme Damaged status Not for loan Location (home branch) Sublocation or collection (holding branch) Shelving location Date acquired Koha issues (times borrowed) Koha full call number Accession No. Koha date last seen Copy number Koha item type
    Dewey Decimal Classification     VIVEKANANDA LIBRARY VIVEKANANDA LIBRARY Vivekananda Library 12/12/2025   491.25 S18P 411070 12/12/2025 R Thesis
© Designed and Maintained by Vivekananda Library, MDU Rohtak